000 00683nam a2200217Ii 4500
003 JO-AjNU
008 230605s9999||||xx |||||||||||||| ||und||
040 _aJO-AjNU
_bara
_erda
_cJO-AjNU
041 _aara
050 1 4 _aRC532 1981
100 3 _aالحاج ، فائز محمد علي,
_eauthor
_935589
245 0 0 _aالهستيريا
250 _aط1
264 3 1 _aالسعودية:المكتب الاسلامي ، 1981
300 _a67ص
336 _atext
_btxt
_2rdacontent
337 _aunmediated
_bn
_2rdamedia
338 _avolume
_bnc
_2rdacarrier
490 0 _aالامراض النفسية1
650 4 _aالامراض النفسية-الهيستيريا
_935590
999 _aA14708
_c18276
_d18276